ARRUPE JESUIT UNIVERSITY

CORONAVIRUS -STOP THE SPREAD - CLEAN,DISINFECT,COVER

Ubuntu : (Record no. 97741)

MARC details
000 -LEADER
fixed length control field 01017cam a2200289 a 4500
001 - CONTROL NUMBER
control field 12585939
003 - CONTROL NUMBER IDENTIFIER
control field ARRUPE
005 - DATE AND TIME OF LATEST TRANSACTION
control field 20170529121812.0
008 - FIXED-LENGTH DATA ELEMENTS--GENERAL INFORMATION
fixed length control field 011109s2001 sa b 000 0 eng
010 ## - LIBRARY OF CONGRESS CONTROL NUMBER
LC control number 2001427614
020 ## - INTERNATIONAL STANDARD BOOK NUMBER
International Standard Book Number 1875053239
035 ## - SYSTEM CONTROL NUMBER
System control number (OCoLC)ocm48415116
040 ## - CATALOGING SOURCE
Original cataloging agency NX@
Transcribing agency NX@
Modifying agency CUY
-- DLC
042 ## - AUTHENTICATION CODE
Authentication code lccopycat
043 ## - GEOGRAPHIC AREA CODE
Geographic area code f-sa---
050 00 - LIBRARY OF CONGRESS CALL NUMBER
Classification number BJ981.S6
Item number S58 2001
082 04 - DEWEY DECIMAL CLASSIFICATION NUMBER
Classification number 170.968
Edition number 21
300 ## - PHYSICAL DESCRIPTION
Dimensions 21 cm.
100 1# - MAIN ENTRY--PERSONAL NAME
Personal name Shutte, Augustine,
Dates associated with a name 1938-
9 (RLIN) 31447
245 10 - TITLE STATEMENT
Title Ubuntu :
Remainder of title an ethic for a new South Africa /
Statement of responsibility, etc Augustine Shutte.
260 ## - PUBLICATION, DISTRIBUTION, ETC. (IMPRINT)
Place of publication, distribution, etc Pietermaritzburg :
Name of publisher, distributor, etc Cluster Publications,
Date of publication, distribution, etc 2001.
300 ## - PHYSICAL DESCRIPTION
Extent ix, 228 p. ;
504 ## - BIBLIOGRAPHY, ETC. NOTE
Bibliography, etc Includes bibliographical references (p. 227-228).
650 #0 - SUBJECT ADDED ENTRY--TOPICAL TERM
Topical term or geographic name as entry element Ethics
Geographic subdivision South Africa.
9 (RLIN) 31448
650 #0 - SUBJECT ADDED ENTRY--TOPICAL TERM
Topical term or geographic name as entry element Values
Geographic subdivision South Africa.
9 (RLIN) 31449
651 #0 - SUBJECT ADDED ENTRY--GEOGRAPHIC NAME
Geographic name South Africa
General subdivision Social conditions
Chronological subdivision 1994-
9 (RLIN) 31450
906 ## - LOCAL DATA ELEMENT F, LDF (RLIN)
a 7
b cbc
c copycat
d 3
e ncip
f 20
g y-gencatlg
942 ## - ADDED ENTRY ELEMENTS (KOHA)
Source of classification or shelving scheme Library of Congress Classification
Koha item type Monograph ( Printed materials)
Holdings
Withdrawn status Lost status Source of classification or shelving scheme Damaged status Not for loan Collection code Home library Current library Shelving location Date acquired Total Checkouts Full call number Barcode Date last seen Date checked out Copy number Price effective from Koha item type
    Library of Congress Classification     Main Collection ARRUPE LIBRARY ARRUPE LIBRARY   07/03/2013 11 DT1945.S562 2001 46003073643 11/04/2023 15/03/2023 1 07/03/2013 Monograph ( Printed materials)

 

Arrupe Library. PO Box MP320 Mt Pleasant, Harare, Zimbabwe
263 242 745411|librarian@aju.ac.zw